|
|
|
|
| LEADER |
00000nas a2200000 a 4500 |
| 001 |
ssj0003885 |
| 003 |
WaSeSS |
| 005 |
20200512172242.0 |
| 006 |
m d |
| 007 |
cr n |
| 008 |
990420c19769999nyumx pss 0 a0eng c |
| 010 |
|
|
|a 2004233617
|
| 016 |
7 |
|
|a 013093988
|2 Uk
|
| 022 |
|
|
|a 1432-1009
|l 0364-152X
|y 0364-152X
|
| 035 |
|
|
|a (WaSeSS)ssj0003885
|
| 040 |
|
|
|a DLM
|b eng
|c DLM
|d OCLCQ
|d GUA
|d OCLCQ
|d MUQ
|d OCL
|d NSD
|d OCLCQ
|d UKMGB
|d OCLCQ
|d OCLCO
|d OCLCQ
|d OCLCF
|d OCLCO
|d VT2
|d OCLCQ
|d DEFHM
|d OCLCO
|d OCLCA
|d AU@
|d OCLCO
|d NJT
|d DLC
|d WaSeSS
|
| 042 |
|
|
|a pcc
|
| 050 |
0 |
0 |
|a TD169
|
| 082 |
0 |
4 |
|a 363.6
|
| 130 |
0 |
|
|a Environmental management (Online)
|
| 222 |
|
0 |
|a Environmental management
|b (Online)
|
| 245 |
1 |
0 |
|a Environmental management
|h [electronic resource].
|
| 260 |
|
|
|a New York :
|b Springer-Verlag
|
| 310 |
|
|
|a Monthly,
|b 2000-
|
| 321 |
|
|
|a Bimonthly,
|b 1976-1998
|
| 321 |
|
|
|a 8 no. a year,
|b 1999
|
| 362 |
1 |
|
|a Print began with v. 1, published in 1976.
|
| 506 |
|
|
|a License restrictions may limit access.
|
| 525 |
|
|
|a Supplements accompany some issues.
|
| 538 |
|
|
|a Mode of access: World Wide Web.
|
| 588 |
|
|
|a Description based on: Vol. 21, no. 1 (Jan. 1997); title from contents screen (Springer LINK, viewed Apr. 14, 2004).
|
| 588 |
|
|
|a Latest issue consulted: Vol. 64, issue 1 (July 2019) (Springer Link, viewed July 10, 2019).
|
| 650 |
|
0 |
|a Environmental protection
|v Periodicals.
|
| 650 |
|
6 |
|a Environnement
|x Protection
|v Périodiques.
|
| 650 |
|
7 |
|a Environmental protection.
|2 fast
|0 (OCoLC)fst00913324
|
| 650 |
|
7 |
|a Umweltbezogenes Management
|2 gnd
|
| 650 |
|
7 |
|a Zeitschrift
|2 gnd
|
| 650 |
|
7 |
|a Online-Ressource
|2 gnd
|
| 655 |
|
0 |
|a Electronic journals.
|
| 776 |
0 |
8 |
|i Print version:
|t Environmental management
|x 0364-152X
|w (DLC) 77648841
|w (OCoLC)2566256
|
| 850 |
|
|
|a DLC
|
| 856 |
4 |
0 |
|z Full text available from Research Library: 01/01/1997 to 1 year ago
|u https://search.proquest.com/publication/54064
|